El discurso colonialista eurocéntrico de las élites centroamericanas en el contexto de las Exposiciones Universales de París, Madrid, Chicago y Guatemala en el siglo XIX /

Guardado en:
書目詳細資料
主要作者: Cubero Barrantes, Guillermo (Autor)
格式: 圖書
語言:Spanish
標簽: 添加標簽
沒有標簽, 成為第一個標記此記錄!

MARC

LEADER 00000nam a22000007a 4500
003 cru IIS
005 20220519111758.0
008 220519s2019 cr |||p|r|||| 00| 0 spa d
040 |c cru IIS 
100 1 |9 10439  |a Cubero Barrantes, Guillermo  |e Autor 
245 1 3 |a El discurso colonialista eurocéntrico de las élites centroamericanas en el contexto de las Exposiciones Universales de París, Madrid, Chicago y Guatemala en el siglo XIX /  |c Guillermo Cubero Barrantes 
300 |a páginas 157-182:  |b foto 
500 |a Colección Centroamérica 
773 0 |0 40579  |9 6416  |a Universidad Nacional de Costa Rica  |d Heredia, Costa Rica: EUNA  |o 18098  |t Revista de Historia /  |x 10129790 
942 |2 ddc  |c PP 
999 |c 44251  |d 44251